| 000 | 00560nam a2200181 i 4500 | ||
|---|---|---|---|
| 001 | 91008 | ||
| 003 | ES-MaACL | ||
| 007 | t| | ||
| 008 | 050126s1979 sp ||||1| spa d | ||
| 100 | 1 |
_aLempérière, Thérèse. _971502 |
|
| 245 | 1 | 0 |
_aManual de Psiquiatría / _cpor Th. Lemperière y A. Feline ; versión, Aurelio López Zea. |
| 250 | _a[1ª ed.]. | ||
| 260 |
_aBarcelona : _bToray-Masson, _c[1979] |
||
| 300 |
_aXIII, 390 p. ; _c21 cm. |
||
| 700 | 1 |
_aFéline, A. _949164 |
|
| 700 | 1 |
_aLópez-Zea, Aurelio. _974047 |
|
| 852 |
_aES-MaACL _jG-4351 _bR.100159 |
||
| 999 |
_c91008 _d91008 |
||